00405nam a2200145Ia 4500003000400000008004100004040001600045082001700061100001800078245005600096700001900152260006300171300001000234650001500244GCL140319s9999 xx 000 0 eng d aGCL / cGCL04a616.079bC E1 aCHAPEL, HELEN10aESSENTIALS OF CLINICAL IMMUNOLOGY / cCHAPEL, HELEN1 aHAENEY, MANSEL a[S.N] : bELBS BLACKWELL SCIENTIFIC PUBLICATIONS ، c1991 a466\P04aIMMUNOLOGY